[Event "29th World Junior Girls"]
[Site "Chennai IND"]
[Date "2011.08.15"]
[Round "13"]
[White "Mammadova, Gulnar Marfat qizi"]
[Black "Hoang, Thi Nhu Y"]
[Result "1/2-1/2"]
[WhiteTitle "WIM"]
[BlackTitle "WIM"]
[WhiteElo "2294"]
[BlackElo "2204"]
[WhiteFideId "13403508"]
[BlackFideId "12401455"]
[EventDate "2011.08.02"]

1. e4 c6 2. d4 d5 3. e5 Bf5 4. h4 h6 5. g4 Bh7 6. h5 e6 7. Nc3 c5 8. Be3 cxd4 9.
Bxd4 Nc6 10. Nf3 a6 11. Bd3 Bxd3 12. Qxd3 Qc7 13. O-O-O O-O-O 14. Rhe1 Nxd4 15.
Nxd4 Bc5 16. Na4 Bxd4 17. Qxd4 Ne7 18. Rd3 Nc6 19. Qc5 b5 20. Nc3 Kb7 21. f4 Qb6
22. Qxb6+ Kxb6 23. Rg3 Rc8 24. Rg2 Nb4 25. Rd1 Rc4 26. a3 Nc6 27. Rf2 Rc8 28.
Nb1 a5 29. Nd2 Rc5 30. Nb3 Rc4 31. Nd2 Rc5 32. Nb3 Rc4 33. Nd2 Rc5 34. Nb3 1/2-1/2

[Event "29th World Junior Girls"]
[Site "Chennai IND"]
[Date "2011.08.15"]
[Round "13"]
[White "Kulon, Klaudia"]
[Black "Martinez, Ayelen"]
[Result "1-0"]
[WhiteTitle "WFM"]
[WhiteElo "2227"]
[BlackElo "2011"]
[WhiteFideId "1131044"]
[BlackFideId "118702"]
[EventDate "2011.08.02"]

1. d4 Nf6 2. g3 g6 3. Bg2 c5 4. Nf3 Bg7 5. c4 O-O 6. Nc3 cxd4 7. Nxd4 Nc6 8. Nc2
d6 9. O-O Ne5 10. b3 h5 11. h3 Bd7 12. Bb2 Nh7 13. Kh2 Bc6 14. e4 a5 15. f4 Nd7
16. Nd4 Nc5 17. Rb1 Bd7 18. Nd5 e6 19. Nc3 a4 20. Ndb5 a3 21. Ba1 Bxb5 22. Nxb5
Bxa1 23. Rxa1 Ra6 24. b4 Na4 25. Rf3 Nb2 26. Qc2 Qf6 27. Rc1 Rc8 28. Nxd6 Rxd6
29. e5 Qd8 30. exd6 Rxc4 31. Qd2 Rc6 32. Rxa3 Nc4 33. Qd3 Nb2 34. Qb1 Nc4 35.
Rac3 Nd2 36. Qc2 Rxc3 37. Qxc3 Qxd6 1-0

[Event "29th World Junior Girls"]
[Site "Chennai IND"]
[Date "2011.08.15"]
[Round "13"]
[White "Tokhirjanova, Hulkar"]
[Black "Olsarova, Karolina"]
[Result "1-0"]
[BlackTitle "WIM"]
[WhiteElo "2119"]
[BlackElo "2282"]
[WhiteFideId "14202247"]
[BlackFideId "320242"]
[EventDate "2011.08.02"]

1. e4 e5 2. Nf3 Nc6 3. d4 exd4 4. Nxd4 Nf6 5. Nxc6 bxc6 6. e5 Qe7 7. Qe2 Nd5 8.
c4 Ba6 9. Nd2 g6 10. Nf3 Bg7 11. b3 Nb6 12. Bb2 O-O-O 13. O-O-O c5 14. Qd2 Bb7
15. Re1 Kb8 16. Bd3 Rhe8 17. Kc2 Qf8 18. Qf4 h6 19. h4 Nc8 20. Re3 Ne7 21. Rhe1
Nc6 22. a3 Re6 23. Be4 Rde8 24. Bd5 R6e7 25. Bc3 Qh8 26. b4 g5 27. hxg5 hxg5 28.
Nxg5 Bxe5 29. Bxe5 Nxe5 30. Bxf7 Nxf7 31. Rxe7 Rxe7 32. Rxe7 Nxg5 33. Qxg5 Qa1
34. Re8+ Bc8 35. Qxc5 Qa2+ 36. Kd1 Qb3+ 37. Ke2 Qc2+ 38. Kf1 Qd3+ 39. Ke1 Qc3+
40. Ke2 Qc2+ 41. Kf3 Qd1+ 42. Kg3 Qd3+ 43. Kh4 a6 44. Rxc8+ Kxc8 45. Qf8+ 1-0

[Event "29th World Junior Girls"]
[Site "Chennai IND"]
[Date "2011.08.15"]
[Round "13"]
[White "Michelle Catherina, P"]
[Black "Semenova, Elena"]
[Result "0-1"]
[BlackTitle "WFM"]
[WhiteElo "2052"]
[BlackElo "2175"]
[WhiteFideId "5005736"]
[BlackFideId "24125148"]
[EventDate "2011.08.02"]

1. e4 e5 2. Nf3 Nc6 3. Bb5 a6 4. Ba4 Nf6 5. d3 b5 6. Bb3 Be7 7. O-O O-O 8. a4
Rb8 9. Re1 d6 10. c3 b4 11. a5 Bg4 12. Nbd2 d5 13. h3 Bh5 14. Bc2 Bc5 15. exd5
Qxd5 16. Ne4 Ba7 17. Bb3 Qd7 18. Bc4 Nd5 19. Nxe5 Qf5 20. g4 Qxe5 21. d4 Qe6 22.
Ng3 Qd6 23. Nxh5 bxc3 24. bxc3 Nxc3 25. Ba3 Nb4 26. Qd2 Qxd4 27. Qxd4 Bxd4 28.
Ng3 Nc2 29. Bxf8 Nxa1 30. Rxa1 Kxf8 31. Rf1 Rb2 32. Bxa6 Ra2 33. Bc4 Rxa5 34.
Nf5 Bb6 35. Re1 Ra4 36. Bd3 Ra2 37. Ne3 Bd4 38. Bc4 Ra4 39. Bb3 Rb4 40. Bc2 Rb2
41. Bd3 Rd2 42. Bc4 Ne4 43. Re2 Rxe2 44. Bxe2 Bxe3 45. fxe3 Ke7 46. Bd3 Ng5 47.
Kg2 h6 48. h4 Ne6 49. Kf3 Kd6 50. Bc4 Ke5 51. Ba2 f6 52. Bb3 c5 53. Bc4 Nc7 54.
Ke2 Ke4 55. Bd3+ Kd5 56. Kd2 Ne8 57. Bg6 Nd6 58. Kd3 Nc8 0-1

[Event "29th World Junior Girls"]
[Site "Chennai IND"]
[Date "2011.08.15"]
[Round "13"]
[White "Forestier, Carole"]
[Black "Vo, Thi Kim Phung"]
[Result "1/2-1/2"]
[BlackTitle "WIM"]
[WhiteElo "2101"]
[BlackElo "2141"]
[WhiteFideId "641405"]
[BlackFideId "12401838"]
[EventDate "2011.08.02"]

1. Nf3 Nf6 2. c4 e6 3. g3 d6 4. d4 Nbd7 5. Nc3 e5 6. d5 g6 7. Bg2 Bg7 8. O-O a6
9. e4 Rb8 10. b4 O-O 11. Bb2 Qe7 12. Qe2 c5 13. a3 Nh5 14. Ne1 b5 15. cxb5 axb5
16. Nc2 Nb6 17. Qxb5 c4 18. a4 Bd7 19. Qa5 f5 20. f3 Bh6 21. Qa7 Qg5 22. a5 f4
23. axb6 fxg3 24. hxg3 Bh3 25. Ne2 Nxg3 26. Nxg3 Qxg3 27. Rf2 Rbe8 28. b7 Bxg2
29. Rxg2 Qxf3 1/2-1/2

[Event "29th World Junior Girls"]
[Site "Chennai IND"]
[Date "2011.08.15"]
[Round "13"]
[White "Heredia Serrano, Carla"]
[Black "Frayna, Janelle Mae"]
[Result "1/2-1/2"]
[WhiteTitle "WIM"]
[WhiteElo "2072"]
[BlackElo "1875"]
[WhiteFideId "3603687"]
[BlackFideId "5212499"]
[EventDate "2011.08.02"]

1. e4 Nf6 2. e5 Nd5 3. d4 d6 4. c4 Nb6 5. exd6 exd6 6. Nc3 Nc6 7. Be3 Be7 8. Bd3
O-O 9. Nge2 Nb4 10. b3 Nxd3+ 11. Qxd3 c6 12. O-O d5 13. c5 Nd7 14. b4 Nf6 15. b5
Re8 16. Ng3 Bf8 17. Bf4 Be6 18. bxc6 bxc6 19. Qa6 Qc8 20. Qxc8 Bxc8 21. Rfe1 Be7
22. Rab1 Bd8 23. Bg5 Rxe1+ 24. Rxe1 h6 25. Bxf6 Bxf6 26. Re8+ Kh7 27. Nge2 Bb7
28. Rxa8 Bxa8 29. f3 Bb7 30. Kf2 g5 31. Ke3 h5 32. Nc1 Kg6 33. Nd3 Kf5 34. g3
Bc8 35. Nb4 Bd7 36. Na6 Bd8 37. a3 Ke6 38. Nb4 Bc7 39. Ne2 h4 40. Nd3 hxg3 41.
hxg3 f6 42. Nb4 Be8 43. Na6 Bd8 44. Nc1 Kd7 45. Nd3 Ke6 46. Ndb4 Kd7 47. g4 Ke6
48. Nb8 Ba5 49. N8a6 Kd7 50. f4 Bd8 1/2-1/2

[Event "29th World Junior Girls"]
[Site "Chennai IND"]
[Date "2011.08.15"]
[Round "13"]
[White "Saranya, J"]
[Black "Ivana Maria, Furtado"]
[Result "1-0"]
[WhiteTitle "WFM"]
[BlackTitle "WFM"]
[WhiteElo "2121"]
[BlackElo "2012"]
[WhiteFideId "5031931"]
[BlackFideId "5048400"]
[EventDate "2011.08.02"]

1. e4 e6 2. Nf3 d5 3. Nc3 Nf6 4. e5 Nfd7 5. d4 c5 6. dxc5 Nc6 7. Bf4 Bxc5 8. Bd3
f6 9. exf6 Qxf6 10. Bg3 O-O 11. Qe2 Nd4 12. Nxd4 Bxd4 13. O-O Ne5 14. Nb5 Nxd3
15. cxd3 Bd7 16. Nxd4 Qxd4 17. Be5 Qh4 18. Rac1 Rac8 19. Qe3 b6 20. f4 Qe7 21.
a3 Rxc1 22. Rxc1 Rc8 23. Re1 Qf7 24. Bd4 Qg6 25. Bc3 Rf8 26. Rf1 Qe8 27. Qe5 Rf7
28. Rf3 Qf8 29. Rg3 Kh8 30. Kh1 Kg8 31. h3 Kh8 32. Kh2 Kg8 33. f5 exf5 34. Qxd5
Kh8 35. Rxg7 Rxg7 36. Qxd7 Kg8 37. Qxg7+ Qxg7 38. Bxg7 Kxg7 39. Kg3 Kf6 40. Kf4
h5 41. h4 b5 42. b4 a6 43. g3 Ke6 44. Kg5 Ke5 45. Kxh5 f4 46. gxf4+ Kxf4 47. Kg6
Ke3 48. h5 Kxd3 49. h6 Kc3 50. h7 Kb3 51. h8=Q Kxa3 52. Qc3+ Ka4 53. Kf5 a5 54.
Qa1+ 1-0

[Event "29th World Junior Girls"]
[Site "Chennai IND"]
[Date "2011.08.15"]
[Round "13"]
[White "Savetha, C H"]
[Black "Nandhidhaa, PV"]
[Result "0-1"]
[WhiteElo "1992"]
[BlackElo "2101"]
[WhiteFideId "5042224"]
[BlackFideId "5050847"]
[EventDate "2011.08.02"]

1. e4 c5 2. Nf3 e6 3. d4 cxd4 4. Nxd4 a6 5. Bd3 Bc5 6. Nb3 Be7 7. c4 d6 8. Nc3
Nf6 9. Be3 Nbd7 10. O-O b6 11. f4 Bb7 12. Qf3 O-O 13. Rad1 Qc7 14. g4 g6 15. Qh3
Rac8 16. g5 Nh5 17. Be2 Ng7 18. Qh6 Rfe8 19. Qh3 f5 20. gxf6 Nxf6 21. Bd3 Rf8
22. Nd4 e5 23. Nde2 Rce8 24. fxe5 dxe5 25. Nd5 Nxd5 26. cxd5 Bc8 27. Qh6 Nh5 28.
Ng3 Nf4 29. Rc1 Qb8 30. Rc6 Bc5 31. Bc4 0-1

[Event "29th World Junior Girls"]
[Site "Chennai IND"]
[Date "2011.08.15"]
[Round "13"]
[White "Sathya, Priya S.V."]
[Black "Imeeva, Aisa"]
[Result "1/2-1/2"]
[WhiteElo "1842"]
[BlackElo "2094"]
[WhiteFideId "5020905"]
[BlackFideId "24116157"]
[EventDate "2011.08.02"]

1. d4 Nf6 2. c4 e6 3. Nc3 Bb4 4. e3 O-O 5. Nf3 d5 6. Bd3 c5 7. cxd5 exd5 8. b3
Nc6 9. dxc5 Bxc5 10. Bb2 d4 11. exd4 Nxd4 12. Nxd4 Qxd4 13. O-O Ng4 14. Qc2 Qf4
15. g3 Qh6 16. h4 Ne5 17. Be4 Bh3 18. Bg2 Bxg2 19. Kxg2 Qf6 20. Ne4 Qf5 21. Bxe5
Qxe5 22. Nxc5 Rac8 23. Rac1 b6 24. b4 bxc5 25. bxc5 Qd5+ 26. Kg1 Qc6 27. Rfd1 h6
28. Rd6 Qc7 29. Qd2 Rfd8 30. Rd1 Re8 31. c6 Qb6 32. Rc1 Rc7 33. Qd3 Rce7 34. c7
Rxc7 35. Rd1 Qa5 36. Rd2 Rc3 37. Qd4 Rc1+ 38. Kg2 Qb5 39. Qd3 Qb7+ 40. Qd5 Qb1
41. Rd7 Qg6 1/2-1/2

[Event "29th World Junior Girls"]
[Site "Chennai IND"]
[Date "2011.08.15"]
[Round "13"]
[White "Pon, NKrithika"]
[Black "Pratyusha, Bodda"]
[Result "0-1"]
[WhiteTitle "WFM"]
[WhiteElo "2075"]
[BlackElo "2064"]
[WhiteFideId "5019354"]
[BlackFideId "5000629"]
[EventDate "2011.08.02"]

1. e4 e5 2. Nf3 Nc6 3. Bb5 a6 4. Ba4 d6 5. c3 Bd7 6. d4 Nge7 7. Bb3 h6 8. Nh4
Nc8 9. Bxf7+ Kxf7 10. Qh5+ Kg8 11. f4 exd4 12. O-O Qe8 13. Qe2 d5 14. e5 Be7 15.
Nf3 Qg6 16. cxd4 Bf5 17. Nc3 Bd3 18. Qf2 Bxf1 19. Qxf1 Nb6 20. b3 Nb4 21. Bd2 c5 0-1

[Event "29th World Junior Girls"]
[Site "Chennai IND"]
[Date "2011.08.15"]
[Round "13"]
[White "Romero Echeverria, Abigail"]
[Black "A, Akshaya"]
[Result "1-0"]
[WhiteTitle "WFM"]
[WhiteElo "2071"]
[BlackElo "1966"]
[WhiteFideId "3603806"]
[BlackFideId "5031605"]
[EventDate "2011.08.02"]

1. e4 e5 2. Nf3 Nc6 3. Nc3 Nf6 4. d4 exd4 5. Nxd4 Bb4 6. Nxc6 bxc6 7. Bd3 d5 8.
exd5 cxd5 9. Qe2+ Be7 10. Bg5 O-O 11. O-O-O c6 12. Rhe1 Be6 13. Bf5 Bxf5 14.
Qxe7 Qxe7 15. Rxe7 Ne4 16. Nxe4 Bxe4 17. f3 Bg6 18. Rde1 f6 19. Be3 Rfe8 20. Bc5
a6 21. Kd2 Rab8 22. b3 Rbd8 23. Kc3 Rxe7 24. Rxe7 Re8 25. Rxe8+ Bxe8 26. Kb4 Bg6
27. Ka5 Bxc2 28. Kxa6 Kf7 29. Kb6 Bb1 30. Kxc6 Ke6 31. a3 Bc2 32. b4 Ke5 33. Be3
d4 34. Bd2 d3 35. Kc5 Ke6 36. b5 Kd7 37. Kb4 Kc7 38. a4 g5 39. a5 h5 40. f4 Bb1
41. fxg5 fxg5 42. Bxg5 d2 43. Bxd2 Be4 44. g3 Bg2 45. Be3 Kb7 46. a6+ Kb8 1-0

[Event "29th World Junior Girls"]
[Site "Chennai IND"]
[Date "2011.08.15"]
[Round "13"]
[White "Guo, Emma"]
[Black "Lasya, G"]
[Result "0-1"]
[WhiteTitle "WIM"]
[WhiteElo "2029"]
[BlackElo "1898"]
[WhiteFideId "3200795"]
[BlackFideId "5068800"]
[EventDate "2011.08.02"]

1. e4 c5 2. Nc3 a6 3. f4 b5 4. g3 Bb7 5. Bg2 e6 6. d3 g6 7. Nf3 Bg7 8. O-O Ne7
9. g4 f5 10. exf5 exf5 11. gxf5 Nxf5 12. Re1+ Kf8 13. Ne4 h6 14. Qe2 d6 15. c3
Nc6 16. Ng3 Nce7 17. Nxf5 Nxf5 18. Nh4 Nxh4 19. Bxb7 Ra7 20. Bd5 Bf6 21. Bd2 Kg7
22. Qf1 Re8 23. Rxe8 Qxe8 24. Re1 Re7 25. Rxe7+ Qxe7 26. Qe1 Qd7 27. Qg3 Qf5 28.
Bg2 Qe6 29. Bh1 Qxa2 30. Bc1 b4 31. cxb4 Qb1 32. Qe1 Qxd3 33. Be3 cxb4 34. Bf2
Nf5 35. Qxb4 Qd1+ 36. Qe1 Qg4+ 37. Bg2 Qxf4 38. Qa5 Qc1+ 39. Bf1 Bxb2 40. Qxa6
Be5 41. Qb7+ Kf6 42. Qb8 Bxh2+ 43. Kg2 Kg5 44. Qd8+ Kf4 45. Qe8 Qd2 46. Be2 Bg3
47. Qa4+ Kg5 48. Bxg3 Qxe2+ 49. Kh3 Qf3 0-1

[Event "29th World Junior Girls"]
[Site "Chennai IND"]
[Date "2011.08.15"]
[Round "13"]
[White "Madhurima, Shekhar"]
[Black "Kazimova, Narmin Nizami qizi"]
[Result "1/2-1/2"]
[BlackTitle "WIM"]
[WhiteElo "1854"]
[BlackElo "2292"]
[WhiteFideId "5067910"]
[BlackFideId "13402951"]
[EventDate "2011.08.02"]

1. e4 c5 2. Nc3 d6 3. f4 Nc6 4. Nf3 g6 5. Bc4 Bg7 6. O-O e6 7. d3 Nge7 8. Qe1
O-O 9. f5 gxf5 10. Qg3 fxe4 11. dxe4 Ng6 12. Bg5 f6 13. Be3 Nce5 14. Be2 Kh8 15.
Rad1 b6 16. Nxe5 Nxe5 17. Rd2 Qe7 18. Rfd1 Rd8 19. Nb5 Ba6 20. Bf4 Bxb5 21. Bxb5
a6 22. Be2 b5 23. Bxe5 dxe5 24. Qe3 c4 25. Qb6 Rxd2 26. Rxd2 Bh6 27. Rd1 Qa7 28.
Qxa7 Rxa7 29. Bg4 Be3+ 30. Kf1 f5 31. exf5 exf5 32. Bxf5 Rf7 33. Rd8+ Kg7 34.
Rd7 Rxd7 35. Bxd7 b4 36. Be6 c3 37. bxc3 bxc3 38. a4 a5 39. Bf5 h6 40. Ke2 Bc5 1/2-1/2

[Event "29th World Junior Girls"]
[Site "Chennai IND"]
[Date "2011.08.15"]
[Round "13"]
[White "Sithalatchumi, A"]
[Black "Hannes, Diana"]
[Result "1/2-1/2"]
[BlackTitle "WFM"]
[WhiteElo "1939"]
[BlackElo "2188"]
[WhiteFideId "5036186"]
[BlackFideId "24611344"]
[EventDate "2011.08.02"]

1. d4 Nf6 2. c4 e6 3. Nc3 d5 4. Bg5 Be7 5. Nf3 h6 6. Bh4 O-O 7. e3 b6 8. Be2 Bb7
9. Bxf6 Bxf6 10. cxd5 exd5 11. O-O Qe7 12. Qb3 Rd8 13. Rad1 c5 14. dxc5 Bxc3 15.
Qxc3 bxc5 16. Rd2 Nd7 17. Qa3 Qf6 18. Rc1 Qb6 19. Qc3 Rac8 20. Rdc2 Re8 21. Qa3
Rb8 22. Qa4 Bc6 23. Qf4 Bb5 24. Bxb5 Qxb5 25. h3 Qb6 26. b3 a5 27. Qf5 Qe6 28.
Qxe6 fxe6 29. Ne1 a4 30. Nd3 axb3 31. axb3 Rxb3 1/2-1/2

[Event "29th World Junior Girls"]
[Site "Chennai IND"]
[Date "2011.08.15"]
[Round "13"]
[White "Deur Saric, Zrinka"]
[Black "Savant, Riya"]
[Result "1-0"]
[BlackTitle "WCM"]
[WhiteElo "2116"]
[BlackElo "1743"]
[WhiteFideId "14512670"]
[BlackFideId "5067359"]
[EventDate "2011.08.02"]

1. e4 c5 2. Nf3 Nc6 3. d4 cxd4 4. Nxd4 Nf6 5. Nc3 g6 6. Nxc6 bxc6 7. e5 Ng8 8.
Bc4 Bg7 9. Qf3 f5 10. Bf4 e6 11. O-O-O Qc7 12. h4 Nh6 13. h5 Nf7 14. hxg6 hxg6
15. Qg3 g5 16. Rxh8+ Bxh8 17. Rh1 Bxe5 18. Rh8+ Nxh8 19. Bxe5 d6 20. Bxh8 Qe7
21. Qh2 Kd7 22. Qh6 g4 23. Qg6 Kc7 24. Bf6 Qd7 25. Ne2 e5 26. Bg7 Kb6 27. Nc3
Qe7 28. Bf6 Qd7 1-0